000 00468nam a22001577a 4500
999 _c524674
_d524674
003 NUST
038 _aMr. Zahoor
082 _a621.3
100 _aMariam Saleem
_915473
245 _aDevelopment & Comparison of Blind Cloning Teachniques in Digital Image Forensics /
_cMariam Saleem
260 _aIslamabad :
_bCEME - NUST,
_c2015.
300 _ax, 93, p. : ill, ;
_c30cm
500 _aHardcover.
600 _2Electrical Engineering - MS Thesis
942 _2ddc
_cTHE